Statistics for Public Enemy Discography

Click here to take the quiz!

General Stats

  • This quiz has been taken 4 times
  • The average score is 4 of 27

Answer Stats

Year Name Type % Correct
1990Fear of a Black PlanetAlbum
100%
2005It Takes a Nation: The First London Invasion Tour 1987Live/Video Album
67%
1988It Takes a Nation of Millions to Hold Us BackAlbum
67%
1998He Got GameSoundtrack
33%
2012Most of My Heroes Still Don't Appear on No StampAlbum
33%
2006Rebirth of a NationAlbum (Collab)
33%
1987Yo! Bum Rush the ShowAlbum
33%
1991Apocalypse 91... The Enemy Strikes BlackAlbum
33%
2006Bring That Beat BackRemix Album
0%
2013Planet Earth: The Rock and Roll Hall of Fame Greatest Rap HitsCompilation
0%
2012The Evil Empire of EverythingAlbum
0%
1989Fight the Power... Live!Video Album
0%
2007Remix of a NationRemix Album (Collab)
0%
2007How You Sell Soul to a Soulless People Who Sold Their Soul?Album
0%
2007Fight the Power: Greatest Hits Live!Live Album
0%
2006MKL VF KWR - Revolverlution Tour Manchester UK 2003Live Album
0%
1992The Enemy Strikes LiveVideo Album
0%
1994Muse Sick-n-Hour Mess AgeAlbum
0%
2005Beats and PlacesCompilation
0%
2005New Whirl OdorAlbum
0%
2005Power to the People and the Beats: Public Enemy's Greatest HitsCompilation
0%
1991Tour of a Black PlanetVideo Album
0%
2002RevolverlutionAlbum
0%
200120th Century Masters - The Millennium Collection: The Best of Public EnemyCompilation
0%
1999There's a POISON Goin' OnAlbum
0%
1992Greatest MissesCompilation
0%
2015Man Plans God LaughsAlbum
0%

Score Distribution

Percentile by Number Answered

Percent of People with Each Score

Your Score History

You have not taken this quiz